000 00439nam a2200181Ia 4500
001 22717
005 20260414150849.0
008 260414t2001||||xx |||||||||||||| ||spa||
041 _aESP
082 _a621.3845607
_bK32
100 _aKeagy, Scott
_eAUT
245 0 _aInteración de redes de voz y datos
_b
260 _c2001
300 _axxi, 741 pƔginas :
_c25 cm.
650 _aTCA
654 _aCET
942 _cLIB
_dJUS
_fJUS
_2ddc
_n
999 _c22717
_d22717